banner koha

The use of Parmotrema tinctorum (Parmeliaceae) as a bioindicator of air pollution (Registro n. 338287)

MARC details
000 -LÍDER
fixed length control field 03800nab a2200289 i 4500
003 - CÓDIGO MARC DA AGÊNCIA CATALOGADORA
Campo de controle BR-BrBNA
005 - DATA E HORA DA ÚLTIMA ATUALIZAÇÃO
Campo de controle 20250919185227.0
008 - CAMPO DE TAMANHO FIXO
fixed length control field 250919b2021 bl.ar|pooa||| 00| 0 eng |
040 ## - FONTE DA CATALOGAÇÃO
Agência catalogadora BR-BrBNA
Idioma da catalogação eng
072 ## - CATEGORIA AGRIS
Código AGRIS T01
072 ## - CATEGORIA AGRIS
Código AGRIS Q01
100 ## - ENTRADA PRINCIPAL - NOME PESSOAL
Nome pessoal Raimundo-Costa, William
100 ## - ENTRADA PRINCIPAL - NOME PESSOAL
Nome pessoal Ferreira, Deusmaque Carneiro
100 ## - ENTRADA PRINCIPAL - NOME PESSOAL
Nome pessoal Anhê, Ana Carolina Borella Marfil
100 ## - ENTRADA PRINCIPAL - NOME PESSOAL
Nome pessoal Senhuk, Ana Paula Milla dos Santos
245 ## - TÍTULO PRINCIPAL
Título principal The use of Parmotrema tinctorum (Parmeliaceae) as a bioindicator of air pollution
500 ## - NOTA GERAL
Nota geral Publicação on-line; 25 ref.; 2 tables; 1 illus.; Summaries (En, Pt)
942 ## - ADDED ENTRY ELEMENTS (KOHA)
Koha item type Analítica
520 ## - NOTA DE RESUMO
Nota de conteúdo <br/><br/>Abstract<br/><br/>Air quality monitoring by automatic stations, although efficient, does not allow evaluating the effects of<br/>pollution on living organisms and communities. Thus, the aim of the present study was to use lichens of the<br/>Parmotrematinctorum species in active air quality biomonitoring. We used a new methodology of chlorosis<br/>area analyses in QGis software, as low-cost and complementary tool to physicochemical methods. Samples<br/>of the aforementioned species were exposed to atmospheric pollution for 30 consecutive days in the dry<br/>and rainy seasons, in urban and industrial regions. The chlorosis rate (34% of the lichen thalli, on average)<br/>and the accumulation of sulfur (1.1 g.kg-1, on average) were higher in the samples of lichens exposed in the<br/>industrial region, in the dry season. There was a moderate-to-high positive correlation between chlorosis rate<br/>and lichen content of nitrogen, sulfur, iron and zinc, in the dry season, mainly with sulfur (r = 0.71). The<br/>results confirmed the sensitive of P. tinctorum to atmospheric pollution, even after a short exposure time.<br/>Such new active biomonitoring methodology (chlorosis analysis in the QGis) can be used in future studies<br/>of air quality assessment by environmental and health surveillance managers.<br/><br/>Key words: active biomonitoring, air quality, lichen.<br/><br/><br/><br/><br/><br/>Resumo<br/><br/>O monitoramento da qualidade do ar por estações automáticas, apesar de eficiente, não permite avaliar os efeitos<br/>da poluição sobre organismos e comunidades. Assim, o objetivo do presente estudo foi usar liquens da espécie<br/>Parmotrema tinctorum em biomonitoramento ativo da qualidade do ar, baseado em uma nova metolologia<br/>de análise de clorose por meio do software Qgis, como uma ferramenta de baixo custo e complementar aos<br/>métodos físico-químicos. Amostras dessa espécie foram expostas à poluentes do ar por 30 dias consecutivos,<br/>nas estações seca e chuvosa, em regiões urbanas e industriais. A taxa de clorose (34% do talo dos liquens, em<br/>média) e o acúmulo de enxofre (1,1 g.kg-1, em média) foram maiores em amostras expostas na região industrial,<br/>na estação seca. Houve correlação positiva moderada a alta entre a taxa de clorose e o acúmulo de nitrogênio,<br/>enxofre, ferro e zinco, no período seco, principalmente com exnofre (r = 0,71). Os resultados confirmaram a<br/>sensibilidade de P. tinctorum à poluição atmosférica, mesmo após um curto período de exposição. Essa nova<br/>metodologia de biomonitoramento ativo (análise de clorose por meio do QGis) pode ser usada em estudos<br/>futuros sobre avaliação da qualidade do ar por gestores de vigilância ambiental e de saúde.<br/><br/>Palavras-chave: biomonitoramento ativo, qualidade do ar, líquen.
650 ## - ASSUNTO - THESAGRO
Cabeçalho tópico ou nome geográfico MONITORAMENTO
650 ## - ASSUNTO - THESAGRO
Cabeçalho tópico ou nome geográfico QUALIDADE
650 ## - ASSUNTO - THESAGRO
Cabeçalho tópico ou nome geográfico AR
650 ## - ASSUNTO - THESAGRO
Cabeçalho tópico ou nome geográfico LÍQUEN
773 0# - ENTRADA ANALÍTICA
Host Biblionumber 709
Registro do item 357347
Imprenta Rio de Janeiro-RJ Jardim Botanico do Rio de Janeiro 1935
Outro identificador 2025-5311
Título Rodriguésia (Brazil)
ISSN 0370-6583; 2175-7860 on-line
Colação v. 72 p. 1-7; (2021)
Número de controle de registro BR2025002340
856 ## - ACESSO E ENDEREÇO ELETRÔNICO
Identificador uniforme de recurso - URI https://www.scielo.br/j/rod/a/sk38HhDGTX3WK3CZWSmTD4d/?format=pdf&lang=en

Nenhum exemplar disponível.

BINAGRI

Telefone: (61)3218-2567/2388/3357/2097 - binagri@agro.gov.br

Ministério da Agricultura e Pecuária , Esplanada dos Ministérios, Bloco D, Anexo B, Brasília/DF, CEP: 70.043-900